[Event "Benidorm op U2300 03rd"]
[Site "Benidorm"]
[Date "2004.11.27"]
[Round "9"]
[White "Montilla Carrillo, Esteban"]
[Black "De la Fuente Mayan, Alfredo"]
[Result "1-0"]
[WhiteElo "2267"]
[BlackElo "2174"]
[PlyCount "45"]
[EventDate "2004.11.19"]
[EventType "swiss"]
[EventRounds "9"]
[EventCountry "ESP"]
[SourceTitle "CBM 103 Extra"]
[Source "ChessBase"]
[SourceDate "2005.01.01"]
[SourceVersion "1"]
[SourceVersionDate "2005.01.01"]
[SourceQuality "1"]

1. d4 Nf6 2. Nc3 d5 3. Bg5 Nbd7 4. f3 c5 5. dxc5 e6 6. e4 Bxc5 7. Qd2 dxe4 8. 0-0-0 e3 9. Bxe3 Bxe3 10. Qxe3 Qb6 11. Qd2 0-0 12. h4 Nc5 13. h5 e5 14. h6 g6 15. Qg5 Qe6 16. g4 Bd7 17. Qe3 Rfc8 18. g5 Nh5 19. Bh3 Qe8 20. Rd5 Bxh3 21. Nxh3 Nd7 22. Rhd1 Rd8 23. Qd2 1-0

[Event "Benidorm op U2300 03rd"]
[Site "Benidorm"]
[Date "2004.11.24"]
[Round "6"]
[White "Van Hoolandt, Patrick"]
[Black "De la Fuente Mayan, Alfredo"]
[Result "0-1"]
[WhiteElo "2269"]
[BlackElo "2174"]
[PlyCount "74"]
[EventDate "2004.11.19"]
[EventType "swiss"]
[EventRounds "9"]
[EventCountry "ESP"]
[SourceTitle "CBM 103 Extra"]
[Source "ChessBase"]
[SourceDate "2005.01.01"]
[SourceVersion "1"]
[SourceVersionDate "2005.01.01"]
[SourceQuality "1"]

1. c4 Nf6 2. Nc3 c6 3. d4 d5 4. cxd5 cxd5 5. Nf3 Nc6 6. Bf4 e6 7. e3 Be7 8. Bd3 0-0 9. h3 a6 10. 0-0 b5 11. Rc1 Bb7 12. Ne5 Rc8 13. Qe2 Qb6 14. Bg5 Rc7 15. f4 Ne4 16. Nxc6 Bxc6 17. Bxe7 Rxe7 18. Nxe4 dxe4 19. Bb1 Bd5 20. Qd2 Rd8 21. Qc3 f5 22. Qc5 Qb7 23. Rf2 Kf7 24. Rfc2 Bc4 25. b3 Bd3 26. Rb2 Rdd7 27. Qc8 Rc7 28. Rxc7 Qxc7 29. Qxc7 Rxc7 30. Bxd3 exd3 31. Rd2 Rc2 32. Rxd3 Rxa2 33. Rc3 a5 34. Rc7+ Kf6 35. Rc5 b4 36. Kf1 a4 37. bxa4 b3 0-1

[Event "Benidorm op U2300 03rd"]
[Site "Benidorm"]
[Date "2004.11.23"]
[Round "5"]
[White "De la Fuente Mayan, Alfredo"]
[Black "Renteria Becerra, Jorge Elicer"]
[Result "1/2-1/2"]
[WhiteElo "2174"]
[BlackElo "2259"]
[PlyCount "137"]
[EventDate "2004.11.19"]
[EventType "swiss"]
[EventRounds "9"]
[EventCountry "ESP"]
[SourceTitle "CBM 103 Extra"]
[Source "ChessBase"]
[SourceDate "2005.01.01"]
[SourceVersion "1"]
[SourceVersionDate "2005.01.01"]
[SourceQuality "1"]

1. e4 c5 2. Nc3 d6 3. f4 g6 4. d4 cxd4 5. Qxd4 Nf6 6. e5 dxe5 7. Qxd8+ Kxd8 8. fxe5 Nfd7 9. Nf3 e6 10. Bf4 Bb4 11. 0-0-0 Bxc3 12. bxc3 h6 13. Bd3 Ke7 14. Nd2 Nc6 15. Rhe1 g5 16. Bg3 Nc5 17. h4 Bd7 18. Rf1 Rac8 19. Nc4 Nd8 20. Nd6 Rc7 21. c4 b6 22. hxg5 hxg5 23. Rh1 Rg8 24. Rh7 Bc6 25. Rf1 Kf8 26. Be1 Be8 27. Bb4 Bc6 28. g4 a5 29. Ba3 Rg7 30. Rh8+ Rg8 31. Rh7 Rg7 32. Rxg7 Kxg7 33. Bxc5 bxc5 34. Be4 Kf8 35. Kb2 Ke7 36. Bxc6 Rxc6 37. Kc3 f6 38. Ne4 fxe5 39. Nxg5 Rd6 40. Ne4 Rd4 41. Nxc5 Rxg4 42. Rd1 Nc6 43. Rd7+ Kf6 44. Rd6 Nd4 45. Ra6 Rg2 46. Rxa5 Rxc2+ 47. Kd3 Rh2 48. Nd7+ Ke7 49. Nxe5 Ne2 50. a4 Kd6 51. Nf3 Nc1+ 52. Ke4 Re2+ 53. Kf4 Nd3+ 54. Kg3 Nc5 55. Ra8 Ra2 56. a5 Ra3 57. Kg4 Ra4 58. Nd2 Ra2 59. Nf3 Ra4 60. Nd2 Ra2 61. Nf1 Ke5 62. Ng3 Ra4 63. Kf3 Ra3+ 64. Kg4 Kd4 65. Nh5 Kxc4 66. Kf4 Kb5 67. Ng7 Rxa5 68. Rxa5+ Kxa5 69. Nxe6 1/2-1/2

[Event "Benidorm op U2300 03rd"]
[Site "Benidorm"]
[Date "2004.11.21"]
[Round "3"]
[White "Ballesteros Gonzalez, David"]
[Black "De la Fuente Mayan, Alfredo"]
[Result "0-1"]
[WhiteElo "2248"]
[BlackElo "2174"]
[PlyCount "138"]
[EventDate "2004.11.19"]
[EventType "swiss"]
[EventRounds "9"]
[EventCountry "ESP"]
[SourceTitle "CBM 103 Extra"]
[Source "ChessBase"]
[SourceDate "2005.01.01"]
[SourceVersion "1"]
[SourceVersionDate "2005.01.01"]
[SourceQuality "1"]

1. d4 Nf6 2. Nf3 e6 3. c4 Bb4+ 4. Bd2 c5 5. Bxb4 cxb4 6. Nbd2 d6 7. e3 0-0 8. Bd3 Nc6 9. 0-0 e5 10. Qc2 Bg4 11. h3 Bxf3 12. Nxf3 b3 13. Qxb3 e4 14. Bxe4 Nxe4 15. Qxb7 Qe8 16. Qb3 Rb8 17. Qc2 f5 18. a3 a5 19. d5 Ne5 20. Nd4 Rc8 21. b3 a4 22. Nxf5 Rxf5 23. Qxe4 Qg6 24. f4 axb3 25. g4 Rf7 26. Qxg6 Nxg6 27. Rab1 Rb7 28. Rfc1 Ra8 29. c5 dxc5 30. Rxc5 Rxa3 31. Rc3 Kf7 32. Kf2 Ra2+ 33. Kf3 b2 34. Rc2 Ke7 35. g5 Rb3 36. Kf2 Kd6 37. Rd2 Rb4 38. Kf3 Ne7 39. e4 Ra3+ 40. Kg4 Rxe4 41. Rbxb2 Nxd5 42. Rf2 g6 43. Rbd2 Ke6 44. Rb2 Ne3+ 45. Kf3 Nf5+ 46. Kg2 Rg3+ 47. Kh2 Ree3 48. Rb6+ Nd6 49. Rd2 Rxh3+ 50. Kg2 Rd3 51. Ra2 Rdg3+ 52. Kf2 Rh2+ 53. Kxg3 Rxa2 54. Rb3 Ra4 55. Re3+ Re4 56. Ra3 Nf5+ 57. Kf3 Rd4 58. Ra6+ Rd6 59. Ra3 Rb6 60. Kg4 Kd5 61. Ra7 Rb3 62. Ra5+ Ke6 63. Ra6+ Nd6 64. Ra7 Ne4 65. Ra6+ Kd5 66. f5 Nf2+ 67. Kf4 Nd3+ 68. Kg4 Ne5+ 69. Kh4 gxf5 0-1

[Event "Santxenxo op"]
[Site "Pontevedra"]
[Date "2004.06.20"]
[Round "8"]
[White "Pinho, Fernando Moreira"]
[Black "De la Fuente Mayan, Alfredo"]
[Result "0-1"]
[WhiteElo "1886"]
[BlackElo "2200"]
[PlyCount "104"]
[EventDate "2004.06.??"]
[EventType "swiss"]
[EventRounds "10"]
[EventCountry "ESP"]
[SourceTitle "EXT 2005"]
[Source "ChessBase"]
[SourceDate "2004.11.15"]
[SourceVersion "1"]
[SourceVersionDate "2004.11.15"]
[SourceQuality "1"]

1. e4 c5 2. Nf3 e6 3. d4 cxd4 4. Nxd4 Nc6 5. Nxc6 bxc6 6. Bd3 e5 7. 0-0 Nf6 8. Bg5 Be7 9. c4 0-0 10. Nd2 d6 11. Rc1 Nd7 12. Bxe7 Qxe7 13. f4 exf4 14. Rxf4 Ne5 15. Bb1 Qg5 16. Qf1 Rb8 17. b3 a5 18. Rc3 a4 19. Rg3 Qe7 20. Qd1 axb3 21. axb3 Qa7+ 22. Kh1 Qd4 23. Qc2 Be6 24. Nf3 Qe3 25. Rh4 Qxb3 26. Rxg7+ Kxg7 27. Qd2 Qxb1+ 28. Ng1 Qxg1+ 29. Kxg1 Rb1+ 30. Kf2 Rfb8 31. Qh6+ Kg8 32. Qxh7+ Kf8 33. c5 R8b2+ 34. Kg3 Rb3+ 35. Kf4 Nd3+ 36. Kg5 Nxc5 37. Qh8+ Ke7 38. Qf6+ Kd7 39. e5 d5 40. Kh6 Rb8 41. Kg7 R1b4 42. g4 Ne4 43. Qf3 Ra4 44. Qe3 Raa8 45. Rh7 Rg8+ 46. Kh6 Rg6+ 47. Kh5 Bxg4+ 48. Kh4 Be6 49. Qb6 Rc8 50. Qb7+ Rc7 51. Qb8 Ng5 52. Rh8 Nf3+ 0-1

[Event "Santxenxo op"]
[Site "Pontevedra"]
[Date "2004.06.16"]
[Round "3"]
[White "De la Fuente Mayan, Alfredo"]
[Black "Taboas Rodriguez, Daniel"]
[Result "0-1"]
[WhiteElo "2200"]
[BlackElo "2289"]
[PlyCount "118"]
[EventDate "2004.06.??"]
[EventType "swiss"]
[EventRounds "10"]
[EventCountry "ESP"]
[SourceTitle "EXT 2005"]
[Source "ChessBase"]
[SourceDate "2004.11.15"]
[SourceVersion "1"]
[SourceVersionDate "2004.11.15"]
[SourceQuality "1"]

1. e4 e6 2. d4 d5 3. Nd2 b6 4. c3 dxe4 5. Nxe4 Bb7 6. Bd3 Nf6 7. Nxf6+ Qxf6 8. Nf3 h6 9. Ne5 Bd6 10. Qe2 Bxe5 11. dxe5 Qe7 12. Qg4 Nd7 13. Be4 Bxe4 14. Qxe4 0-0 15. 0-0 Rfd8 16. Re1 Qc5 17. Bf4 Nf8 18. Rad1 Ng6 19. Bg3 b5 20. h4 Ne7 21. h5 Rd5 22. Rxd5 Qxd5 23. Qxd5 Nxd5 24. Rd1 a5 25. f3 a4 26. c4 bxc4 27. Rc1 a3 28. bxa3 Rxa3 29. Rxc4 Rxa2 30. Bf2 g6 31. hxg6 fxg6 32. g3 g5 33. Rc6 Kf7 34. Bd4 Rd2 35. Ba7 h5 36. Rc4 Ra2 37. Bf2 Kg6 38. Rc6 Kf5 39. Bd4 g4 40. fxg4+ hxg4 41. Bf2 Kxe5 42. Rc4 Kf5 43. Rd4 Rb2 44. Kf1 Rb4 45. Rd1 Ke4 46. Kg2 e5 47. Re1+ Kf5 48. Bc5 Rc4 49. Bf8 Rc2+ 50. Kg1 Rc3 51. Kh2 e4 52. Rf1+ Rf3 53. Rd1 Ke6 54. Bh6 c5 55. Rc1 Rc3 56. Ra1 Rc2+ 57. Kg1 e3 58. Kf1 Kf5 59. Ra8 Ke4 0-1

[Event "Santxenxo op"]
[Site "Pontevedra"]
[Date "2004.06.16"]
[Round "4"]
[White "Huerta Martinez, Alberto"]
[Black "De la Fuente Mayan, Alfredo"]
[Result "0-1"]
[WhiteElo "2120"]
[BlackElo "2200"]
[PlyCount "54"]
[EventDate "2004.06.??"]
[EventType "swiss"]
[EventRounds "10"]
[EventCountry "ESP"]
[SourceTitle "EXT 2005"]
[Source "ChessBase"]
[SourceDate "2004.11.15"]
[SourceVersion "1"]
[SourceVersionDate "2004.11.15"]
[SourceQuality "1"]

1. e4 c5 2. Nc3 Nc6 3. Nf3 e6 4. d4 cxd4 5. Nxd4 Qc7 6. Be2 a6 7. 0-0 b5 8. Be3 Nf6 9. Bf3 Ne5 10. Bf4 Nxf3+ 11. Qxf3 e5 12. Bg3 d6 13. Rfe1 b4 14. Nd5 Nxd5 15. exd5 Be7 16. Bxe5 dxe5 17. d6 Bxd6 18. Qxa8 0-0 19. Nb3 Bb7 20. Qa7 Qc6 21. f3 Bc7 22. Kh1 Bb6 23. Na5 Bxa5 24. Qf2 Bb6 25. Qe2 Bd4 26. Rab1 Rc8 27. Rec1 Qg6 0-1

[Event "Santxenxo op"]
[Site "Pontevedra"]
[Date "2004.06.14"]
[Round "2"]
[White "De la Fuente Mayan, Alfredo"]
[Black "Diaz Begonte, Manuel"]
[Result "1-0"]
[WhiteElo "2200"]
[BlackElo "1903"]
[PlyCount "63"]
[EventDate "2004.06.??"]
[EventType "swiss"]
[EventRounds "10"]
[EventCountry "ESP"]
[SourceTitle "EXT 2005"]
[Source "ChessBase"]
[SourceDate "2004.11.15"]
[SourceVersion "1"]
[SourceVersionDate "2004.11.15"]
[SourceQuality "1"]

1. e4 c6 2. d4 d5 3. f3 e6 4. Nc3 Nd7 5. Bd3 dxe4 6. fxe4 Ngf6 7. Nf3 Be7 8. 0-0 0-0 9. e5 Nd5 10. Ne4 f5 11. exf6 N7xf6 12. Qe2 Nxe4 13. Qxe4 Nf6 14. Qh4 Qe8 15. Bg5 h6 16. Bxf6 Rxf6 17. Qe4 Rf5 18. Qg4 Rf6 19. Ne5 h5 20. Qe2 c5 21. Rxf6 gxf6 22. Bg6 Qf8 23. Bf7+ Kg7 24. Qxh5 fxe5 25. Qg6+ Kh8 26. Qh5+ Kg7 27. Rf1 Bf6 28. Qg6+ Kh8 29. Qxf6+ Qg7 30. Qh4+ Qh7 31. Qd8+ Kg7 32. Qf6+ 1-0

[Event "Ortigueira op 1st"]
[Site "Ortigueira"]
[Date "2002.08.09"]
[Round "7"]
[White "Penas Fuster, Jaime"]
[Black "De la Fuente Mayan, Alfredo"]
[Result "0-1"]
[WhiteElo "2144"]
[BlackElo "2158"]
[PlyCount "158"]
[EventDate "2002.08.04"]
[EventType "swiss"]
[EventRounds "9"]
[EventCountry "ESP"]
[SourceTitle "CBM 089 Extra"]
[Source "ChessBase"]
[SourceDate "2002.09.10"]
[SourceVersion "2"]
[SourceVersionDate "2002.09.10"]
[SourceQuality "1"]

1. f4 d5 2. Nf3 Bf5 3. g3 e6 4. Bg2 h6 5. d3 Nf6 6. 0-0 Bd6 7. Nh4 Bh7 8. Nc3 c6 9. Qe1 Nbd7 10. e4 Qb6+ 11. Kh1 Bb4 12. Bd2 d4 13. Nd1 Bxd2 14. Qxd2 a5 15. c3 0-0 16. e5 Nd5 17. Be4 Rad8 18. Bxh7+ Kxh7 19. c4 Ne3 20. Rf3 Nf5 21. Ng2 c5 22. g4 Ne7 23. Nf2 Qc6 24. Rh3 f6 25. exf6 Rxf6 26. Re1 Rdf8 27. Ne4 Rg6 28. Qe2 Kg8 29. Nh4 Rgf6 30. Ng2 R6f7 31. g5 e5 32. gxh6 gxh6 33. fxe5 Nxe5 34. Rg3+ Kh8 35. Nd2 N7g6 36. Ne4 Rf5 37. b3 b6 38. a4 Kh7 39. Rh3 Qd7 40. Rg3 Qf7 41. Rg1 Rf3 42. Ne1 Rxg3 43. hxg3 Qf5 44. g4 Qf4 45. g5 Qh4+ 46. Qh2 Qxh2+ 47. Kxh2 hxg5 48. Nxg5+ Kh6 49. Ne4 Nf4 50. Nf2 Kh5 51. Rg7 Ne6 52. Rg2 Rxf2 53. Rxf2 Ng4+ 54. Kg3 Nxf2 55. Kxf2 Kg4 56. Nf3 Kf4 57. Ne1 Ng7 58. Ng2+ Kg4 59. Ne1 Nf5 60. Ng2 Ng7 61. Ne1 Ne6 62. Nf3 Nf4 63. Ne1 Kg5 64. Kf3 Kf5 65. Kf2 Kg4 66. Kg1 Ne2+ 67. Kf2 Nc1 68. Kf1 Kg3 69. Nc2 Nxd3 70. Na3 Kf3 71. Nb5 Ke3 72. Nd6 Nc1 73. Ke1 Nxb3 74. Nc8 Kd3 75. Nxb6 Kc2 76. Nd5 d3 77. Ne3+ Kc1 78. Nd1 d2+ 79. Ke2 Nd4+ 0-1

[Event "Orense op 9th"]
[Site "Orense"]
[Date "2000.07.12"]
[Round "5"]
[White "Sion Castro, Marcelino"]
[Black "De la Fuente Mayan, Alfredo"]
[Result "1-0"]
[WhiteElo "2420"]
[BlackElo "2159"]
[PlyCount "47"]
[EventDate "2000.07.08"]
[EventType "swiss"]
[EventRounds "9"]
[EventCountry "ESP"]
[SourceTitle "EXT 2001"]
[Source "ChessBase"]
[SourceDate "2000.11.22"]
[SourceVersion "1"]
[SourceVersionDate "2000.11.22"]
[SourceQuality "1"]

1. e4 d5 2. exd5 Nf6 3. d4 Bg4 4. Be2 Bxe2 5. Qxe2 Qxd5 6. Nf3 Nc6 7. c4 Qf5 8. a3 0-0-0 9. d5 Na5 10. Nbd2 e6 11. dxe6 Qc2 12. b4 Nc6 13. 0-0 Bd6 14. exf7 Kb8 15. c5 Bf4 16. Qc4 Qf5 17. Nb3 Be5 18. b5 Na5 19. Nxa5 Bxa1 20. Bf4 Ne4 21. Rxa1 Qxf4 22. Re1 Rhf8 23. Rxe4 Rxf7 24. Qd5 1-0

[Event "Orense op 9th"]
[Site "Orense"]
[Date "2000.07.11"]
[Round "4"]
[White "De la Fuente Mayan, Alfredo"]
[Black "Villar Nieves, Antonio"]
[Result "1/2-1/2"]
[WhiteElo "2159"]
[BlackElo "2065"]
[PlyCount "128"]
[EventDate "2000.07.08"]
[EventType "swiss"]
[EventRounds "9"]
[EventCountry "ESP"]
[SourceTitle "EXT 2001"]
[Source "ChessBase"]
[SourceDate "2000.11.22"]
[SourceVersion "1"]
[SourceVersionDate "2000.11.22"]
[SourceQuality "1"]

1. e4 c5 2. Nf3 Nc6 3. Nc3 Nf6 4. Bb5 e5 5. 0-0 d6 6. h3 a6 7. Bxc6+ bxc6 8. d3 Be7 9. Ng5 h6 10. Nf3 Rb8 11. Nh2 0-0 12. Rb1 Be6 13. f4 exf4 14. Bxf4 Rb7 15. Qe2 d5 16. e5 Nh7 17. Ng4 Bg5 18. Bh2 Qe7 19. Nd1 d4 20. b3 Bd5 21. Bg3 f5 22. Nh2 f4 23. Be1 f3 24. Nxf3 Bxf3 25. Rxf3 Rxf3 26. Qxf3 Qxe5 27. Bg3 Qe6 28. Nf2 Be3 29. Kh2 Nf6 30. Ne4 Nxe4 31. Qxe4 Qxe4 32. dxe4 c4 33. Re1 a5 34. Bd6 Rf7 35. Bc5 Rf2 36. Rd1 Rxc2 37. Bxd4 Bf4+ 38. Kg1 c3 39. Rf1 Bd2 40. e5 Rxa2 41. e6 Bg5 42. Bxc3 Re2 43. Rf7 Bf6 44. Bxf6 gxf6 45. Re7 Kf8 46. Rf7+ Kg8 47. Rxf6 Kg7 48. Rf7+ Kg6 49. Re7 Kf6 50. Rf7+ Kg6 51. Re7 Kf6 52. Kf1 Rxg2 53. Rh7 Rg3 54. e7 Rg8 55. e8Q Rxe8 56. Rxh6+ Kf7 57. Rxc6 Re3 58. Rb6 Rxh3 59. Ke2 Ke7 60. Kd2 Kd7 61. Kc2 Kc7 62. Rb5 a4 63. bxa4 Kc6 64. Kb2 Rg3 1/2-1/2

[Event "Lalin op"]
[Site "Lalin"]
[Date "2000.??.??"]
[Round "2"]
[White "Sanchez Aller, Fernando"]
[Black "De la Fuente Mayan, Alfredo"]
[Result "1/2-1/2"]
[WhiteElo "2181"]
[BlackElo "2159"]
[PlyCount "183"]
[EventDate "2000.??.??"]
[EventType "swiss"]
[EventRounds "9"]
[EventCountry "ESP"]
[SourceTitle "EXT 2001"]
[Source "ChessBase"]
[SourceDate "2000.11.22"]
[SourceVersion "1"]
[SourceVersionDate "2000.11.22"]
[SourceQuality "1"]

1. e4 d5 2. exd5 Qxd5 3. Nc3 Qa5 4. d4 Nf6 5. Nf3 Nc6 6. Bd2 a6 7. Bc4 Nxd4 8. Nd5 Qc5 9. Nxf6+ gxf6 10. Bd3 Bg4 11. Be3 Qa5+ 12. c3 Nxf3+ 13. gxf3 Bf5 14. Bxf5 Qxf5 15. Qa4+ Qb5 16. Qxb5+ axb5 17. Rg1 e6 18. Ke2 Bd6 19. a3 Ke7 20. h3 Rhg8 21. Rg4 f5 22. Rh4 Rg7 23. f4 f6 24. Rh5 Kf7 25. Rh6 Ra4 26. Rd1 Ra8 27. Kf3 Rh8 28. Bb6 Ke7 29. Bd4 Rg6 30. Rh5 h6 31. Be3 Ra8 32. Re1 Kf7 33. Bd2 Bc5 34. b4 Bd6 35. Bc1 Ra6 36. Re3 Rc6 37. Rd3 Rc4 38. Bd2 e5 39. Rd5 Ke6 40. Rxb5 b6 41. Ke2 exf4 42. Kd3 Rc6 43. Rbxf5 Be5 44. Ke2 Rc4 45. Kf3 Rg5 46. Rfxg5 hxg5 47. Ke2 Rc6 48. Kd3 Rd6+ 49. Kc2 f3 50. Rh7 Rd8 51. Be3 Kf5 52. Rh6 Ke4 53. Bd4 Bxd4 54. cxd4 Rd6 55. Rh7 Rc6+ 56. Kd2 Kxd4 57. Rd7+ Ke5 58. Ke3 f5 59. Kxf3 Rc3+ 60. Kg2 Rxa3 61. Rxc7 Rb3 62. Rc4 Kd5 63. Rc8 Ke5 64. Rc4 Kd5 65. Rc8 Rxb4 66. Rf8 Ke5 67. Rc8 Rb1 68. Re8+ Kf4 69. Rb8 b5 70. Rb7 b4 71. Rb8 b3 72. Rb5 Ke4 73. Rb4+ Kd3 74. Rb5 Ke4 75. Rb4+ Ke5 76. Kf3 Kf6 77. Rb6+ Kg7 78. Kg2 Kh7 79. Kf3 b2 80. Kg2 f4 81. Kf3 Kg7 82. Kg2 Kf7 83. Kf3 Ke7 84. Kg2 Kd7 85. Kf3 Kc7 86. Rb3 Kc6 87. Kg2 Kd5 88. Rb8 Ke4 89. Re8+ Kf5 90. Rf8+ Kg6 91. Rg8+ Kh6 92. Rh8+ 1/2-1/2

[Event "Burgas op 08th"]
[Site "Burgas"]
[Date "1999.??.??"]
[Round "9"]
[White "Prol Nogueira, Iago"]
[Black "De la Fuente Mayan, Alfredo"]
[Result "1/2-1/2"]
[WhiteElo "2045"]
[BlackElo "2155"]
[PlyCount "23"]
[EventDate "1999.??.??"]
[EventType "swiss"]
[EventRounds "9"]
[EventCountry "ESP"]
[SourceTitle "EXT 2000"]
[Source "ChessBase"]
[SourceDate "1999.11.16"]
[SourceVersion "1"]
[SourceVersionDate "1999.11.16"]
[SourceQuality "1"]

1. b3 d5 2. Bb2 Nf6 3. Nf3 Bf5 4. e3 e6 5. d4 c6 6. Nbd2 Bd6 7. Be2 0-0 8. 0-0 h6 9. Ne5 Nbd7 10. Ndf3 Qc7 11. Rc1 Rad8 12. Bd3 1/2-1/2

[Event "Mondariz op"]
[Site "Mondariz"]
[Date "1996.??.??"]
[Round "?"]
[White "De la Fuente Mayan, Alfredo"]
[Black "Antunes, Antonio"]
[Result "1/2-1/2"]
[WhiteElo "2135"]
[BlackElo "2540"]
[PlyCount "164"]
[EventDate "1996.07.??"]
[EventType "swiss"]
[EventRounds "9"]
[EventCountry "ESP"]
[SourceTitle "EXT 1998"]
[Source "ChessBase"]
[SourceDate "1997.11.17"]
[SourceVersion "1"]
[SourceVersionDate "1997.11.17"]
[SourceQuality "1"]

1. e4 c5 2. Nf3 Nc6 3. d4 cxd4 4. Nxd4 g6 5. Be3 Nf6 6. Nc3 Bg7 7. Be2 0-0 8. 0-0 d5 9. exd5 Nxd5 10. Nxd5 Qxd5 11. Bf3 Qc4 12. Nxc6 bxc6 13. c3 Be6 14. Qe2 Qxe2 15. Bxe2 Rfd8 16. b3 a5 17. Rfd1 a4 18. bxa4 Rxa4 19. Rab1 Rc8 20. Bf3 Rxa2 21. Rb7 Bxc3 22. Rxe7 h5 23. h3 Be5 24. g4 Bf6 25. Rb7 h4 26. Rc1 Ra1 27. Rxa1 Bxa1 28. Rb1 Bf6 29. Rc1 Bd7 30. Kg2 Be7 31. g5 Kf8 32. Bg4 Ke8 33. Bxd7+ Kxd7 34. Rc4 Rh8 35. Kf3 Rh5 36. Kg4 f5+ 37. gxf6 Bxf6 38. Ra4 Rb5 39. Rc4 Rb1 40. Bf4 Rg1+ 41. Kf3 Rd1 42. Kg4 Be7 43. Be3 Rd5 44. Kf3 Rf5+ 45. Ke4 Ra5 46. Kf3 c5 47. Rc1 Ke6 48. Rg1 Kf5 49. Rg4 g5 50. Rc4 Ra3 51. Kg2 Ra8 52. f4 Ra2+ 53. Kf3 Rh2 54. fxg5 Rxh3+ 55. Kf2 Rh2+ 56. Kg1 Re2 57. Bxc5 Bxg5 58. Bd6 Rd2 59. Bc7 Be3+ 60. Kh1 Bd4 61. Ba5 Rd3 62. Bc7 Kg5 63. Bd8+ Kh5 64. Bc7 Bf2 65. Be5 Be3 66. Rc3 Rd1+ 67. Kg2 Bb6 68. Rc6 Rd2+ 69. Kh3 Bg1 70. Rd6 Rf2 71. Rd5 Rf5 72. Ra5 Bb6 73. Ra6 Bc5 74. Bc7 Rf3+ 75. Kg2 Rf7 76. Bd6 Rf2+ 77. Kh3 Rf3+ 78. Kg2 Rf2+ 79. Kh3 Be3 80. Ra5+ Bg5 81. Be7 Rf3+ 82. Kh2 Rg3 1/2-1/2

[Event "Nigran op"]
[Site "Nigran"]
[Date "1996.??.??"]
[Round "?"]
[White "De la Fuente Mayan, Alfredo"]
[Black "Baron Rodriguez, Jorge"]
[Result "0-1"]
[WhiteElo "2130"]
[BlackElo "2250"]
[PlyCount "50"]
[EventDate "1996.??.??"]
[EventType "swiss"]
[EventRounds "9"]
[EventCountry "ESP"]
[SourceTitle "EXT 2003"]
[Source "ChessBase"]
[SourceDate "2002.11.25"]
[SourceVersion "1"]
[SourceVersionDate "2002.11.25"]
[SourceQuality "1"]

1. e4 c5 2. Nf3 d6 3. d4 cxd4 4. Nxd4 Nf6 5. Nc3 Nc6 6. Be2 e5 7. Nb3 Be7 8. Be3 0-0 9. 0-0 a5 10. Nd2 Be6 11. f4 exf4 12. Rxf4 d5 13. exd5 Nxd5 14. Nxd5 Qxd5 15. Nf3 Bc5 16. Qc1 Rad8 17. Bc4 Qd1+ 18. Kf2 Bxe3+ 19. Kxe3 Qd6 20. Bxe6 fxe6 21. Rxf8+ Rxf8 22. Ke2 Nd4+ 23. Nxd4 Qxd4 24. Qe3 Qg4+ 25. Ke1 Qxg2 0-1

[Event "Nigran op"]
[Site "Nigran"]
[Date "1995.??.??"]
[Round "6"]
[White "De la Fuente Mayan, Alfredo"]
[Black "Brito Garcia, Alfredo"]
[Result "0-1"]
[WhiteElo "2190"]
[BlackElo "2345"]
[PlyCount "74"]
[EventDate "1995.??.??"]
[EventType "swiss"]
[EventRounds "9"]
[EventCountry "ESP"]
[SourceTitle "EXT 2004"]
[Source "ChessBase"]
[SourceDate "2003.11.25"]
[SourceVersion "1"]
[SourceVersionDate "2003.11.25"]
[SourceQuality "1"]

1. e4 g6 2. d4 Bg7 3. Nc3 d6 4. Bg5 c6 5. Qd2 Nd7 6. f4 b5 7. Nf3 Nb6 8. d5 b4 9. Nd1 cxd5 10. exd5 Nf6 11. Bxf6 Bxf6 12. Qxb4 0-0 13. Qd2 Bb7 14. Ne3 e6 15. c4 exd5 16. cxd5 Na4 17. Rb1 Re8 18. Kf2 Qb6 19. Bc4 Re4 20. Bd3 Nc5 21. Rhe1 Rae8 22. b4 Nxd3+ 23. Qxd3 Bd4 24. Nxd4 Rxd4 25. Qc3 Rxf4+ 26. Kg3 Qd4 27. Qxd4 Rxd4 28. Ng4 Rxe1 29. Rxe1 Kg7 30. Re7 Bxd5 31. Rxa7 Rxb4 32. a4 Rb3+ 33. Kf4 h5 34. Nf2 Bxg2 35. Nd1 Rf3+ 36. Kg5 Rd3 37. Nf2 Rd2 0-1

[Event "La Coruna TH op"]
[Site "La Coruna"]
[Date "1995.??.??"]
[Round "2"]
[White "Nedobora, Mikhail"]
[Black "De la Fuente Mayan, Alfredo"]
[Result "1/2-1/2"]
[WhiteElo "2465"]
[BlackElo "2190"]
[PlyCount "72"]
[EventDate "1995.07.??"]
[EventType "swiss"]
[EventRounds "9"]
[EventCountry "ESP"]
[SourceTitle "EXT 1997"]
[Source "ChessBase"]
[SourceDate "1996.11.15"]
[SourceVersion "1"]
[SourceVersionDate "1996.11.15"]
[SourceQuality "1"]

1. d4 Nf6 2. c4 e6 3. Nc3 Bb4 4. e3 c5 5. Nf3 Nc6 6. Bd3 Bxc3+ 7. bxc3 d6 8. h3 e5 9. Nd2 0-0 10. d5 Ne7 11. e4 Ng6 12. g3 Ne8 13. Qc2 Ne7 14. Nf3 Bd7 15. Nh4 h6 16. Be3 Rb8 17. Kf1 Qc8 18. Kg2 f5 19. exf5 Nxf5 20. Nxf5 Bxf5 21. f4 Bxd3 22. Qxd3 exf4 23. Bxf4 Qf5 24. Qxf5 Rxf5 25. Rhe1 g5 26. Bd2 Ng7 27. g4 Rf6 28. Re7 Rbf8 29. Be3 Re8 30. Rxe8+ Nxe8 31. Rb1 Rf7 32. Bf2 Re7 33. Kf3 Rf7+ 34. Ke3 Re7+ 35. Kf3 Rf7+ 36. Ke3 Re7+ 1/2-1/2